Things from Illinois - Statistics

General Stats
  • This quiz has been taken 39 times
    38 since last reset
  • The average score is 9 of 21
Answer Stats
Hint Answer % Correct
Baseball Team Chicago Cubs
93%
President in the Civil War Abraham Lincoln
82%
Tallest Building Willis Tower
79%
Prohibition Gangster Al Capone
75%
Airport Chicago O'Hare
68%
"Deep" food Deep Dish Pizza
61%
Very Famous Rapper Kanye West
57%
Voice of the Genie in Aladdin Robin Williams
54%
Giant Mirror Statue The Bean
54%
Movie about a kid Skipping Ferris Bueller's Day Off
43%
Food Originally from Germany Hot Dog
36%
Movie about a Break-In Home Alone
29%
Gang Bloods
25%
Coloring Book Rapper Chance the Rapper
25%
State Animal White Tailed Deer
25%
Place with Fish Shedd Aquarium
21%
Ice Cream Shop Dairy Queen
14%
National Forest Shawnee
14%
Dead Rapper Juice WRLD
11%
Hacking Video Game Watch_Dogs
7%
Chain Restaurant White Castle
7%
No matching quizzes found
Score Distribution
Percent of People with Each Score
Percentile by Number Answered
Your Score History
You have not taken this quiz since the last reset